Indonesia since Sukarno

Spremljeno u:
Bibliografski detalji
Glavni autor: Justus M. van der Kroef
Format: Knjiga
Jezik:Undetermined
Izdano: Singapore Asia pacific press 1971
Teme:
Oznake: Dodaj oznaku
Bez oznaka, Budi prvi tko označuje ovaj zapis!
Thư viện lưu trữ: Trung tâm Học liệu Trường Đại học Cần Thơ
LEADER 00491nam a2200181Ia 4500
001 CTU_90529
008 210402s9999 xx 000 0 und d
082 |a 959.8 
082 |b K93 
100 |a Justus M. van der Kroef 
245 0 |a Indonesia since Sukarno 
245 0 |c Justus M. van der Kroef 
260 |a Singapore 
260 |b Asia pacific press 
260 |c 1971 
650 |a History of Indonesia 
904 |i Vương 
980 |a Trung tâm Học liệu Trường Đại học Cần Thơ